LEADER 01395nam a2200289 u 4500 001 000000118055 003 CaOOAMICUS 005 20091120111144.0 008 091118s1972 it u000 u eng r 040 $aPUL$bita$dMCT 041 0 $aeng$afre$aspa 245 00$aMediation :$bin Christianity and other religions = Médiation : dans le Christianisme et les autres religions. 246 30$aMédiation : dans le Christianisme et les autres religions 260 $aRome :$bGregorian University Press,$c1972. 300 $a336 p. ;$c25 cm 490 1 $aStudia missionalia ;$v21 504 $aBibliografia in nota. 546 $aTesti in inglese, francese e spagnolo. 650 4$aMediazione (teologia).$0(OLS)http://pul/subject/9378 650 4$aSpiritualità.$0(OLS)http://pul/subject/843 830 0$aStudia missionalia ;$v21.$0(OLS)http://pul/title/228 850 $aPUL 852 $aPUL$W1$xDP1 Cons. Gen., Altre Classi 1$y22$m781 F 1$j135501$qStampati$B134470$CPULBib$Z2$F134470 $H67292 $82 941 1 $a8 996 $6246$aMédiation : dans le Christianisme et les autres religions$9(OLS)http://pul/title/148603 996 $6245$aMediation :$bin Christianity and other religions = Médiation : dans le Christianisme et les autres religions$9(OLS)http://pul/title/148602 996 $6260$aRome :$bGregorian University Press$9(OLS)http://pul/publisher/53119 LEADER 00953aam a2200253 a 4500 001 000000139146 003 CaOOAMICUS 005 20140709091817.0 008 140709s1995 it u000 u ita r 020 $a88-343-4607-6 040 $aPUL$bita 100 1 $aBausola, Adriano,$d1930-2000.$0(OLS)http://pul/name/666 245 10$aLibertà e responsabilità /$cAdriano Bausola. 250 $a2. ed. 260 $aMilano :$bVita e pensiero,$c1995. 300 $a132 p. ;$c20 cm 650 4$aLibero arbitrio e determinismo.$0(OLS)http://pul/subject/10589 850 $aPUL 852 $aPUL$W1$xDP1 Filosofia 1$y19$m590 I 99$j160737$qStampati$B160143$CPULBib$Z2$F160143 $H73892 $82 941 1 $a8 996 $6020$a88-343-4607-6$9(OLS)http://pul/number/155715 996 $6245$aLibertà e responsabilità$9(OLS)http://pul/title/21740 996 $6260$aMilano :$bVita e pensiero$9(OLS)http://pul/publisher/48016